| 000 | 00698nam a22001577a 4500 | ||
|---|---|---|---|
| 003 | OSt | ||
| 005 | 20150916101257.0 | ||
| 008 | 150916b xxu||||| |||| 00| 0 eng d | ||
| 040 | _cRUA | ||
| 082 | _aAGR KHA 2002 B027 Or.1 | ||
| 100 |
_9569 _aKHAUV, SOLANAK. |
||
| 245 | _areproduction and technique of rose care at the nursery of forestry faculty(ការបន្តពូជនិងបច្ចេកទេសដាំដុះផ្កាកូឡាបនៅស្ថានីយ៍ពីសោធន៍បណ្តុះកូនឈើមហាវិទ្យាល័យរុក្ខកម្ម) ( | ||
| 260 |
_aPhnom Penh _bRUA _c2002 |
||
| 300 |
_a35p. _bill. _c29cm. |
||
| 942 |
_2ddc _cAGR |
||
| 999 |
_c547 _d547 |
||